Intérêts et impérialisme français dans l'Empire ottoman, 1895-1914 /

Saved in:

Main Author: Thobie, Jacques (Author)

Format: Book

Language: French

Series: Serie Sorbonne ; 4.

Subjects:

Tags: Add Tag

No Tags, Be the first to tag this record!

Call Number: HF1544.15 .T9 T56 1977

LEADER 01409namaa2200361 4500
001 14764
003 OSt
005 20201027065141.0
008 130303s1977 fr a g b 001 0 fre d
952 |0 0  |1 0  |2 lcc  |4 0  |6 HF154415 T9 T56 01977  |7 1  |9 7047  |a ARCE  |b ARCE  |d 2020-10-27  |l 0  |o HF1544.15 .T9 T56 1977  |p 1005110  |r 2020-10-27 00:00:00  |w 2020-10-27  |y BK 
999 |c 15138  |d 15138 
020 |a 2110807008 
040 |c ARCE Library 
043 |a a-tu---  |a e-fr--- 
050 0 4 |a HF1544.15 .T9 T56 1977 
100 1 |a Thobie, Jacques,  |e author  |9 41050 
245 1 0 |a Intérêts et impérialisme français dans l'Empire ottoman, 1895-1914 /   |c Jaques Thobie ; pref. de Jean-Baptiste Duroselle. 
264 1 |a Paris :  |b Impr. nationale,  |c 1977. 
300 |a xx, 817 pages :  |b illustration ;  |c 24 cm. 
336 |a text  |b txt  |2 rdacontent 
337 |a unmediated  |b n  |2 rdamedia 
338 |a volume  |b nc  |2 rdacarrier 
490 1 |a Serie Sorbonne ;   |v 4. 
490 0 |a Publications de la Sorbonne. 
500 |a A revision of the author's thesis, Paris I, 1973. 
504 |a Includes bibliographical references pages [739]-752 and index. 
650 0 |a Investments, French  |z Turkey  |x History. 
651 0 |a France  |x Foreign economic relations  |z Turkey. 
651 0 |a Turkey  |x Foreign economic relations  |z France. 
651 0 |a Turkey  |x Foreign relations  |z France. 
830 0 |a Serie Sorbonne ;   |v 4. 
901 |a reviewed 
942 |c BK  |2 lcc